[Event "Master Open"]
[Site "Voronezh"]
[Date "2018.06.20"]
[Round "8.53"]
[White "Schepetkova, Margarita"]
[Black "Gurvich, Vitaly"]
[Result "0-1"]
[WhiteElo "2244"]
[BlackElo "2305"]
[Annotator ""]
[Source ""]
[Remark ""]

1.d4 Nf6 2.c4 e6 3.g3 d5 4.Bg2 dxc4 5.Nf3 Bd7 6.Ne5 Bc6 7.Nxc6
Nxc6 8.O-O Qd7 9.e3 O-O-O 10.Nd2 e5 11.Nxc4 exd4 12.Qb3 Nd5 13.Rd1
h5 14.exd4 f6 15.Ne3 Nce7 16.Bd2 h4 17.Rac1 g5 18.a4 hxg3 19.hxg3
Kb8 20.Rc5 c6 21.Rcc1 Nxe3 22.Bxe3 Nd5 23.Bd2 Bd6 24.Qc4 Bc7
25.b4 a6 26.b5 cxb5 27.axb5 axb5 28.Qa2 Nb6 29.Ba5 Nc4 30.Bxc7+
Qxc7 31.Ra1 Qb6 32.Rdb1 Kc7 33.Rc1 Rxd4 34.Rab1 Rhd8 35.Qb3 R8d6
36.Kh2 Kd8 37.Rc2 Rd3 38.Rc3 Rxc3 39.Qxc3 Qxf2 40.Rf1 Qd4 41.Qxd4
Rxd4 42.Rxf6 Nd6 43.Kh3 b4 0-1

[Event "Master Open"]
[Site "Voronezh"]
[Date "2018.06.20"]
[Round "8.54"]
[White "Sukhareva, Evgeniya"]
[Black "Nazaretyan, Tigran"]
[Result "1/2-1/2"]
[WhiteElo "2234"]
[BlackElo "2300"]
[Annotator ""]
[Source ""]
[Remark ""]

1.d4 Nf6 2.c4 c5 3.d5 b5 4.cxb5 a6 5.bxa6 g6 6.Nc3 Bg7 7.e4 Qa5
8.Bd2 O-O 9.Bd3 Bxa6 10.Bxa6 Qxa6 11.Nge2 d6 12.O-O Nbd7 13.Qc2
Rfe8 14.Rfb1 Ne5 15.b3 Nd3 16.g3 Nh5 17.Be3 e6 18.dxe6 fxe6 19.Rd1
Nb4 20.Qd2 Red8 21.a4 Rac8 22.Rac1 d5 23.Nb5 d4 24.Bg5 Rd7 25.Rc4
e5 26.Nc1 Bf6 27.Bh6 Qc6 28.g4 Bd8 29.gxh5 g5 30.Qe2 Qxh6 31.Qg4
Qc6 32.Nd3 Nxd3 33.Rxd3 Ba5 34.Kg2 Rf8 35.h6 Rf6 36.Rd1 Rdf7
37.Rc2 Bb6 1/2-1/2

[Event "Master Open"]
[Site "Voronezh"]
[Date "2018.06.20"]
[Round "8.55"]
[White "Kochukova, Anna"]
[Black "Zhitnikov, Konstantin"]
[Result "0-1"]
[WhiteElo "2170"]
[BlackElo "2255"]
[Annotator ""]
[Source ""]
[Remark ""]

1.e4 c5 2.Nf3 d6 3.d4 cxd4 4.Nxd4 Nf6 5.Nc3 a6 6.Be2 e6 7.Be3
Be7 8.Qd2 Qc7 9.g4 h6 10.O-O-O b5 11.f3 b4 12.Nb1 d5 13.e5 Nfd7
14.f4 Nc5 15.Rhf1 Ne4 16.Qe1 Nd7 17.h4 g5 18.hxg5 hxg5 19.Rh1
Rg8 20.f5 Nxe5 21.fxe6 fxe6 22.Rh7 Nf6 23.Rh3 Bd7 24.Nd2 Nexg4
25.Bg1 e5 26.N4f3 Bf5 27.Kb1 Bxc2+ 28.Ka1 Bxd1 29.Qxd1 Rc8 30.Kb1
Qd7 31.Bxa6 Qf5+ 32.Ka1 Qc2 33.Qxc2 Rxc2 34.Kb1 Rc7 35.Bb6 Rd7
36.Bb5 Kf7 37.Bxd7 Nxd7 38.Bg1 Ngf6 39.Nh2 g4 40.Rg3 Bd6 41.Nhf1
Ke6 42.Nb3 Ne4 43.Rg2 Ndf6 44.Kc2 g3 45.Nc1 Nh5 46.Kb3 Nf4 47.Rc2
Nh3 48.Ne2 Nxg1 49.Nxg1 Bc5 50.Rg2 Bxg1 51.Rxg1 g2 52.Ne3 Rg3
53.Kxb4 Rxe3 54.Rxg2 d4 55.Rg6+ Kd5 56.Rg8 d3 57.b3 d2 0-1

[Event "Master Open"]
[Site "Voronezh"]
[Date "2018.06.20"]
[Round "8.56"]
[White "Najdin, Danil"]
[Black "Seregina, Maria"]
[Result "1-0"]
[WhiteElo "2250"]
[BlackElo "1873"]
[Annotator ""]
[Source ""]
[Remark ""]

1.d4 f5 2.Bg5 Nf6 3.Bxf6 exf6 4.e3 g6 5.h4 h6 6.h5 g5 7.Bd3 d5
8.Ne2 Be6 9.g4 Qd7 10.gxf5 Bxf5 11.Ng3 Bxd3 12.Qxd3 Nc6 13.Nd2
O-O-O 14.O-O-O Nb4 15.Qb3 f5 16.Nf3 Nc6 17.Ne5 Nxe5 18.dxe5 f4
19.exf4 gxf4 20.Ne2 Be7 21.Nd4 Bc5 22.e6 Qe7 23.Rhe1 Bxd4 24.Rxd4
Rd6 25.Rxd5 Rhd8 26.Rxd6 Rxd6 27.Qc4 f3 28.Qg4 Rd8 29.Qxf3 Qg5+
30.Qe3 Qxh5 31.e7 Re8 32.Qe6+ Kb8 33.f4 1-0

[Event "Master Open"]
[Site "Voronezh"]
[Date "2018.06.20"]
[Round "8.57"]
[White "Thrish, Karthik"]
[Black "Lazarov, Alexander"]
[Result "0-1"]
[WhiteElo "2111"]
[BlackElo "2389"]
[Annotator ""]
[Source ""]
[Remark ""]

1.e4 c6 2.d4 d5 3.exd5 cxd5 4.Nf3 Nc6 5.Be2 Nf6 6.O-O Bg4 7.Bf4
Bxf3 8.Bxf3 Qb6 9.Nc3 Qxd4 10.Be3 Qxd1 11.Rfxd1 e6 12.Nb5 Rc8
13.c4 Ne5 14.cxd5 Nxf3+ 15.gxf3 Nxd5 16.Nxa7 Rc2 17.Rac1 Rxc1
18.Rxc1 Kd7 19.Nb5 Be7 20.Kf1 Ra8 21.a3 Bf6 22.Bd4 Bxd4 23.Nxd4
Ra4 24.Nb5 Rh4 25.Kg1 Rh3 26.Nd4 g6 27.Rd1 Ke7 28.Rd3 Rh5 29.Rb3
b6 30.Nc2 Nf4 31.Rb4 Nd5 32.Rb3 Kd6 33.Ne3 Kc5 34.Rd3 Re5 0-1

[Event "Master Open"]
[Site "Voronezh"]
[Date "2018.06.20"]
[Round "8.58"]
[White "Bedenko, Nikita"]
[Black "Shemyakin, Valeriy"]
[Result "1/2-1/2"]
[WhiteElo "1967"]
[BlackElo "2229"]
[Annotator ""]
[Source ""]
[Remark ""]

1.e4 Nc6 2.Nf3 d5 3.exd5 Qxd5 4.Nc3 Qa5 5.d4 Bg4 6.Bb5 O-O-O
7.Bxc6 bxc6 8.h3 Qh5 9.O-O Bxf3 10.Qxf3 Qxf3 11.gxf3 Rxd4 12.Be3
Rb4 13.Bxa7 Rxb2 14.Rab1 Rb7 15.Rxb7 Kxb7 16.Bc5 Nf6 17.Rd1 Kc8
18.Ne4 Nxe4 19.fxe4 e5 20.Be3 Bb4 21.Rb1 Ba5 22.Kf1 Kd7 23.Rb3
Ke6 24.c4 Rd8 25.Ke2 c5 26.f3 Bb6 27.Ra3 Rb8 28.Ra6 Kd7 29.Ra3
Kc6 30.Kd3 Rd8+ 31.Ke2 g6 32.Bc1 f6 33.Rd3 Ra8 34.Ra3 Rd8 35.Bb2
Rg8 36.Rd3 Ra8 37.Ra3 Rxa3 38.Bxa3 Ba5 39.Kd3 Be1 40.Bc1 Bf2
41.Bh6 Bd4 42.Bg7 f5 43.Kc2 Kb6 44.Kb3 Ka5 45.Bh6 fxe4 46.fxe4
Bf2 47.a4 Bh4 48.Bg7 Bg3 49.Bh6 c6 50.Bd2+ Kb6 51.Bh6 Bh2 52.Kc2
Kb7 53.Kb3 Ka6 1/2-1/2

[Event "Master Open"]
[Site "Voronezh"]
[Date "2018.06.20"]
[Round "8.59"]
[White "Medzinovskiy, Petr"]
[Black "Shaydullina, Sandugach"]
[Result "1-0"]
[WhiteElo "2213"]
[BlackElo "2198"]
[Annotator ""]
[Source ""]
[Remark ""]

1.e4 c5 2.Nc3 d6 3.Nge2 g6 4.d4 cxd4 5.Nxd4 Nf6 6.Be3 Nc6 7.f3
Bg7 8.Qd2 O-O 9.Bc4 a6 10.g4 Ne5 11.Bb3 b5 12.h4 h5 13.Nd5 e6
14.Nxf6+ Bxf6 15.O-O-O a5 16.a3 Bb7 17.gxh5 d5 18.hxg6 Nxg6 19.Rdg1
Kh7 20.Rxg6 fxg6 21.Nxe6 Qe7 22.Nxf8+ Rxf8 23.h5 g5 24.exd5 b4
25.Qd3+ Kh8 26.axb4 axb4 27.Bd4 Ra8 28.Kd2 Qd6 29.Qe4 Rf8 30.Re1
Bc8 31.Bxf6+ Qxf6 32.Qe5 Kg7 33.Re4 Kh6 34.Qxf6+ Rxf6 35.Ke3
Bh3 36.f4 g4 37.Re6 Kg7 38.Rxf6 Kxf6 39.Kf2 Kf5 40.Kg3 Bf1 41.h6
Kg6 42.Kxg4 Be2+ 43.Kg3 Kxh6 44.d6 Bb5 45.Be6 1-0

[Event "Master Open"]
[Site "Voronezh"]
[Date "2018.06.20"]
[Round "8.60"]
[White "Afanasieva, Alexandra"]
[Black "Tatarintsev, Egor"]
[Result "1/2-1/2"]
[WhiteElo "2069"]
[BlackElo "2125"]
[Annotator ""]
[Source ""]
[Remark ""]

1.e4 e6 2.d4 d5 3.Nc3 dxe4 4.Nxe4 Bd7 5.Nf3 Bc6 6.Bd3 Nd7 7.O-O
Ngf6 8.Ng3 Be7 9.c3 O-O 10.Re1 Bxf3 11.Qxf3 c6 12.Be3 Re8 13.Rad1
Qa5 14.Bb1 Rad8 15.Bf4 Bf8 16.Ne4 Nxe4 17.Qxe4 g6 18.h4 Be7 19.g3
Qh5 20.c4 Nf6 21.Qe5 Rd7 22.Bd3 Red8 23.Be2 Qxe5 24.dxe5 Ne4
25.Rxd7 Rxd7 26.Kg2 Nc5 27.Kf3 Kf8 28.b3 Ke8 29.Rd1 Bd8 30.Rxd7
Nxd7 31.Ke4 Bb6 32.Be3 Bxe3 33.fxe3 h6 34.b4 c5 35.a3 Kd8 36.Bd1
Ke7 37.Bf3 Kd8 38.Bd1 a6 39.Bc2 Ke7 40.Kf4 Kd8 41.Ke4 1/2-1/2

[Event "Master Open"]
[Site "Voronezh"]
[Date "2018.06.20"]
[Round "8.61"]
[White "Selifonova, Aleksandra"]
[Black "Geshko, Aleksey"]
[Result "1/2-1/2"]
[WhiteElo "1920"]
[BlackElo "2213"]
[Annotator ""]
[Source ""]
[Remark ""]

1.e4 c5 2.Nc3 d6 3.d4 cxd4 4.Qxd4 Nc6 5.Qd2 g6 6.b3 Bg7 7.Bb2
Nf6 8.O-O-O a6 9.f3 O-O 10.g4 b5 11.g5 Nh5 12.Nd5 Bxb2+ 13.Kxb2
e5 14.Ne2 Be6 15.Ng3 Bxd5 16.Nxh5 gxh5 17.Qxd5 Qb6 18.Bh3 Rfd8
19.f4 Ne7 20.Qd2 Ng6 21.fxe5 dxe5 22.Qc3 a5 23.Rhf1 a4 24.a3
axb3 25.Qxb3 Nf4 26.Bd7 Ra5 27.Qb4 Rda8 28.Rd6 Qc7 29.Rf3 Ra4
30.Qd2 Qa7 31.Qe3 Qb8 32.Qc5 Ng6 33.Qd5 Qf8 34.Bxb5 Rb8 35.c4
Nf4 36.Qxe5 Rxc4 37.Rb3 Rxe4 38.Qxe4 Qxd6 39.a4 Ne6 40.Rc3 Qxh2+
41.Rc2 Qd6 42.Rc6 Qd2+ 43.Rc2 Qa5 44.Rc6 Qd2+ 45.Rc2 Qa5 46.Rc6
Qd2+ 47.Rc2 1/2-1/2

[Event "Master Open"]
[Site "Voronezh"]
[Date "2018.06.20"]
[Round "8.62"]
[White "Mendonca, Leon Luke"]
[Black "Gutkovich, Polina"]
[Result "1-0"]
[WhiteElo "2228"]
[BlackElo "2046"]
[Annotator ""]
[Source ""]
[Remark ""]

1.d4 d5 2.c4 c6 3.Nf3 Nf6 4.g3 dxc4 5.Bg2 b5 6.O-O e6 7.Ne5 Bb7
8.Nc3 a6 9.b3 cxb3 10.axb3 Nd5 11.Ne4 Nd7 12.Qc2 Nxe5 13.dxe5
Be7 14.Nd6+ Bxd6 15.exd6 Qxd6 16.e4 Ne7 17.Ba3 Qc7 18.Rfd1 f6
19.Bd6 Qb6 20.Bc5 Qc7 21.Bh3 Bc8 22.Rd6 O-O 23.Rad1 f5 24.R6d2
Re8 25.Bd6 Qa7 26.exf5 Nxf5 27.Bc5 Qc7 28.Qe4 g6 29.Bxf5 gxf5
30.Qe3 e5 31.Bd4 Bb7 32.Bb2 f4 33.gxf4 Rad8 34.Bxe5 Rxd2 35.Rxd2
Qf7 36.f3 Re6 37.Rd8+ Re8 38.Rd2 Re6 39.Qe4 Rg6+ 40.Kf2 Qe7 41.f5
Qg5 42.Rd1 Qg2+ 43.Ke3 Rg5 44.Bf6 1-0

[Event "Master Open"]
[Site "Voronezh"]
[Date "2018.06.20"]
[Round "8.1"]
[White "Maghsoodloo, Parham"]
[Black "Kokarev, Dmitry"]
[Result "0-1"]
[WhiteElo "2638"]
[BlackElo "2603"]
[Annotator ""]
[Source ""]
[Remark ""]

1.d4 Nf6 2.c4 g6 3.Nf3 Bg7 4.g3 c6 5.Bg2 d5 6.Nbd2 O-O 7.O-O
a5 8.b3 a4 9.Bb2 Bf5 10.Nh4 Be6 11.Qc2 Nbd7 12.c5 Ne8 13.Rad1
axb3 14.axb3 Nc7 15.Ra1 Nb5 16.Rxa8 Qxa8 17.Ra1 Qc8 18.e3 Bf6
19.Ndf3 g5 20.Nf5 Bxf5 21.Qxf5 Nxc5 22.Qc2 Ne4 23.Ne5 Ned6 24.Qd1
Bg7 25.Bf1 Qe8 26.Nd3 e6 27.Nc5 Qe7 28.Bd3 f5 29.Qh5 h6 30.Qg6
Re8 31.g4 Qf7 32.Qxf7+ Kxf7 33.Bxb5 Nxb5 34.Nxb7 fxg4 35.Rc1
Rb8 36.Na5 Na7 37.Ba3 Rb5 38.Nxc6 Nxc6 39.Rxc6 Rxb3 40.Rc7+ Kg6
41.Bd6 h5 42.Rc1 Kf5 43.Kg2 h4 44.Rd1 Bf6 45.Bc7 Be7 46.Be5 Rb2
47.Rc1 Bb4 48.Rc7 Bd2 49.h3 Bxe3 50.Rf7+ Kg6 51.Rg7+ Kh6 52.hxg4
Rxf2+ 53.Kh1 Rf1+ 54.Kg2 Rg1+ 55.Kf3 Bf4 56.Re7 Rg3+ 57.Kf2 Rxg4
58.Rxe6+ Kh5 59.Rd6 Bxe5 60.dxe5 Rf4+ 61.Kg1 d4 62.e6 Re4 63.e7
Rxe7 64.Rxd4 Re2 65.Rd3 Re4 66.Kh2 Kg4 67.Ra3 Re2+ 68.Kg1 h3
69.Kh1 Kh4 70.Kg1 g4 71.Ra1 Rd2 72.Rb1 Rd4 73.Ra1 g3 74.Kh1 Kg4
75.Rb1 Rd3 76.Rb4+ Kf3 77.Rb1 Ke2 0-1

[Event "Master Open"]
[Site "Voronezh"]
[Date "2018.06.20"]
[Round "8.2"]
[White "Sindarov, Javokhir"]
[Black "Stukopin, Andrey"]
[Result "0-1"]
[WhiteElo "2449"]
[BlackElo "2589"]
[Annotator ""]
[Source ""]
[Remark ""]

1.e4 c5 2.Nf3 Nc6 3.Nc3 d6 4.Bb5 e5 5.Bxc6+ bxc6 6.h3 Be7 7.d3
f5 8.exf5 Bxf5 9.Ne4 Nf6 10.Ng3 Bd7 11.O-O O-O 12.c3 Kh8 13.Re1
Nd5 14.d4 exd4 15.cxd4 cxd4 16.Nxd4 Qb6 17.Ne4 Nf4 18.Nf3 d5
19.Be3 Qxb2 20.Nc5 Bxc5 21.Bxc5 Rfe8 22.Qb3 Rxe1+ 23.Rxe1 Qxb3
24.axb3 Nd3 25.Re7 Nxc5 26.b4 Re8 27.Rxe8+ Bxe8 28.bxc5 a5 29.Nd4
a4 30.Nc2 Bg6 31.Na3 Bd3 32.f4 Kg8 33.Kf2 d4 34.Ke1 Kf7 35.Kd2
Bf1 36.Nc2 d3 37.Nb4 a3 38.h4 h5 39.Kc3 Kf6 40.g3 Be2 41.Kd2
Kf5 42.Nxc6 a2 43.Nd4+ Ke4 44.Nb3 Kd5 45.f5 Kc4 46.c6 Bg4 47.c7
Bxf5 48.Na1 g6 0-1

[Event "Master Open"]
[Site "Voronezh"]
[Date "2018.06.20"]
[Round "8.3"]
[White "Ponkratov, Pavel"]
[Black "Bocharov, Dmitry"]
[Result "1/2-1/2"]
[WhiteElo "2622"]
[BlackElo "2576"]
[Annotator ""]
[Source ""]
[Remark ""]

1.e4 c6 2.d4 d5 3.e5 Bf5 4.Nf3 e6 5.Be2 Ne7 6.O-O h6 7.b3 Nd7
8.c4 Bh7 9.Nc3 Ng6 10.Bd3 Bb4 11.Ne2 O-O 12.Qc2 Re8 13.Nf4 Ndf8
14.Nh5 Nh4 15.Bxh7+ Nxh7 16.Qd3 Bf8 17.Nxh4 Qxh4 18.Nf4 dxc4
19.bxc4 c5 20.g3 Qd8 21.d5 exd5 22.Nxd5 Rxe5 23.Bb2 Re6 24.f4
Re8 25.Rad1 Qc8 26.f5 f6 27.h4 Qc6 28.Rd2 Rad8 29.Rfd1 Rc8 30.g4
Qa4 31.Nc3 Qc6 32.Nd5 Be7 33.Rg2 Bd8 34.Rf1 Rf8 35.Qb3 b6 36.Re1
Rb8 37.Re6 Qd7 38.a4 a6 39.Bc1 Rb7 40.Bf4 b5 41.cxb5 c4 42.Qxc4
axb5 43.Qa2 Kh8 44.a5 b4 45.Qb3 Bxa5 46.Rd2 Rc8 47.Nxf6 Qf7 48.Ne4
Bc7 49.Rc2 Rd8 50.Bxc7 Rxc7 51.Nd6 Qd7 52.Rd2 Ra8 53.Qxb4 Rca7
54.Qe4 Nf6 55.Qe2 Ra4 56.g5 Rg4+ 57.Kf2 Qa4 58.Qe3 Rxg5 59.Qd4
Rg4 60.Nf7+ Kh7 61.Qxa4 Rgxa4 62.Kf3 Ra3+ 63.Re3 R3a5 64.Nd6
Rb8 65.Rd4 Rb1 66.Re2 Ra3+ 67.Kg2 Rbb3 68.Ne4 Nxe4 1/2-1/2

[Event "Master Open"]
[Site "Voronezh"]
[Date "2018.06.20"]
[Round "8.4"]
[White "Popov, Ivan"]
[Black "Maiorov, Nikita"]
[Result "1-0"]
[WhiteElo "2608"]
[BlackElo "2533"]
[Annotator ""]
[Source ""]
[Remark ""]

1.e4 e5 2.Nf3 Nc6 3.Bb5 a6 4.Ba4 Nf6 5.O-O Be7 6.d3 b5 7.Bb3
O-O 8.a4 b4 9.Nbd2 d6 10.a5 Be6 11.Nc4 h6 12.Be3 Qc8 13.h3 Re8
14.Nfd2 Qb7 15.Ba4 Red8 16.c3 Bd7 17.f4 exf4 18.Bxf4 d5 19.e5
dxc4 20.exf6 Bxf6 21.Ne4 Be7 22.Qf3 f5 23.Ng3 cxd3 24.Nxf5 Bf6
25.Nxh6+ gxh6 26.Bxh6 Rf8 27.Qg3+ 1-0

[Event "Master Open"]
[Site "Voronezh"]
[Date "2018.06.20"]
[Round "8.5"]
[White "Kryakvin, Dmitry"]
[Black "Belous, Vladimir"]
[Result "1/2-1/2"]
[WhiteElo "2592"]
[BlackElo "2555"]
[Annotator ""]
[Source ""]
[Remark ""]

1.d4 Nf6 2.Bg5 Ne4 3.Bf4 c5 4.f3 Qa5+ 5.c3 Nf6 6.d5 Qb6 7.b3
e6 8.e4 exd5 9.exd5 Bd6 10.Bg5 Be7 11.c4 Qd6 12.Qe2 O-O 13.Qe3
Re8 14.Ne2 Bd8 15.Qc1 Qe5 16.Nbc3 Nxd5 17.Nxd5 Bxg5 18.f4 Bh4+
19.g3 Qe4 20.gxh4 Qxh1 21.Nc7 Rxe2+ 22.Kxe2 Qxh2+ 23.Kd1 Qf2
24.Be2 Qd4+ 25.Ke1 Qg1+ 26.Kd2 Qd4+ 27.Ke1 Qg1+ 28.Kd2 Qd4+ 29.Ke1 1/2-1/2

[Event "Master Open"]
[Site "Voronezh"]
[Date "2018.06.20"]
[Round "8.6"]
[White "Matinian, Nikita"]
[Black "Pridorozhni, Aleksei"]
[Result "1-0"]
[WhiteElo "2496"]
[BlackElo "2589"]
[Annotator ""]
[Source ""]
[Remark ""]

1.e4 c5 2.Nf3 e6 3.d4 cxd4 4.Nxd4 Nf6 5.Nc3 Nc6 6.a3 d6 7.Be2
Be7 8.Be3 a6 9.O-O O-O 10.f4 Bd7 11.Kh1 Qc7 12.Qe1 Nxd4 13.Bxd4
Bc6 14.Qg3 g6 15.f5 e5 16.Be3 Kh8 17.Bg5 Nh5 18.Bxh5 Bxg5 19.Qxg5
f6 20.Qh6 gxh5 21.Rad1 Rad8 22.Rf3 Qg7 23.Qxh5 Rg8 24.Rg3 Qe7
25.Rxg8+ Rxg8 26.Qf3 b5 27.Nd5 Bxd5 28.Rxd5 Rc8 29.Qd3 Rc6 30.h3
Qf8 31.c3 Qh6 32.Qd2 Qxd2 33.Rxd2 Kg7 34.Kg1 a5 35.Kf2 b4 36.axb4
axb4 37.cxb4 Rb6 38.Ke3 Rxb4 39.Kd3 Kf7 40.Kc3 Rxe4 41.Rxd6 Ke7
42.Re6+ Kd7 43.Rxf6 Re2 44.g4 h5 45.g5 Re3+ 46.Kc4 Rxh3 47.g6
Rg3 48.Kd5 1-0

[Event "Master Open"]
[Site "Voronezh"]
[Date "2018.06.20"]
[Round "8.7"]
[White "Makarian, Rudik"]
[Black "Timofeev, Artyom"]
[Result "0-1"]
[WhiteElo "2343"]
[BlackElo "2583"]
[Annotator ""]
[Source ""]
[Remark ""]

1.d4 Nf6 2.c4 g6 3.Nf3 Bg7 4.g3 c5 5.d5 d6 6.Bg2 b5 7.O-O bxc4
8.Nc3 Nbd7 9.Nd2 Nb6 10.Nxc4 Nxc4 11.Qa4+ Nd7 12.Qxc4 O-O 13.Qh4
Rb8 14.Bg5 Re8 15.Rab1 Rb4 16.e4 Qb6 17.a3 Rb3 18.Rbc1 Ne5 19.f4
Ng4 20.f5 c4+ 0-1

[Event "Master Open"]
[Site "Voronezh"]
[Date "2018.06.20"]
[Round "8.8"]
[White "Chigaev, Maksim"]
[Black "Potapov, Pavel"]
[Result "1/2-1/2"]
[WhiteElo "2577"]
[BlackElo "2491"]
[Annotator ""]
[Source ""]
[Remark ""]

1.e4 c5 2.Nf3 Nc6 3.Bb5 g6 4.Bxc6 bxc6 5.O-O Bg7 6.Re1 Nh6 7.c3
O-O 8.h3 f6 9.d4 cxd4 10.cxd4 Nf7 11.Nc3 Rb8 12.b3 d6 13.Bb2
Qb6 14.Rc1 e5 15.Na4 Qb5 16.Nd2 Rd8 17.Qc2 Bb7 18.Nc4 d5 19.Na3
Qb4 20.Nc5 exd4 21.Red1 dxe4 22.Qxe4 f5 23.Qh4 Re8 24.Rc4 Re1+
25.Kh2 Qa5 26.Rxe1 Qxe1 27.Bxd4 Ne5 28.Nc2 Qd2 29.Bxe5 Bxe5+
30.f4 Bg7 31.Qe7 Ba8 32.Ne6 Bh6 33.Rd4 Qf2 34.Rd7 Bxf4+ 35.Nxf4
Qxf4+ 36.Kg1 1/2-1/2

[Event "Master Open"]
[Site "Voronezh"]
[Date "2018.06.20"]
[Round "8.9"]
[White "Savchenko, Boris"]
[Black "Gabrielian, Artur"]
[Result "0-1"]
[WhiteElo "2565"]
[BlackElo "2506"]
[Annotator ""]
[Source ""]
[Remark ""]

1.d4 Nf6 2.c4 c5 3.d5 e6 4.Nc3 exd5 5.cxd5 d6 6.Nf3 g6 7.Bf4
a6 8.a4 Bg7 9.e4 O-O 10.Be2 Bg4 11.O-O Re8 12.h3 Nxe4 13.Nxe4
Rxe4 14.Bh2 Bxf3 15.Bxf3 Rb4 16.Re1 Qf8 17.Ra2 Nd7 18.b3 Ne5
19.Be2 Re8 20.a5 Qe7 21.Kf1 Rd4 22.Qb1 Nd3 23.Bxd3 Qxe1+ 24.Qxe1
Rxe1+ 25.Kxe1 Rxd3 26.Bxd6 Rxd5 27.Be7 Bc3+ 28.Ke2 f6 29.Rc2
Bd4 30.Kd3 Kf7 0-1

[Event "Master Open"]
[Site "Voronezh"]
[Date "2018.06.20"]
[Round "8.10"]
[White "Tiviakov, Sergei"]
[Black "Dzhumaev, Marat"]
[Result "1-0"]
[WhiteElo "2580"]
[BlackElo "2434"]
[Annotator ""]
[Source ""]
[Remark ""]

1.e4 e5 2.Nf3 Nc6 3.Bb5 a6 4.Ba4 Nf6 5.Qe2 b5 6.Bb3 Be7 7.a4
Bb7 8.c3 O-O 9.O-O d5 10.d4 Nxe4 11.dxe5 Nc5 12.Bc2 bxa4 13.Be3
f6 14.exf6 Rxf6 15.Nbd2 Qd7 16.Bxc5 Bxc5 17.Qd3 Rh6 18.Ne4 Bb6
19.Neg5 Qd6 20.Rfe1 Qc5 21.Re6 Qc4 22.Qf5 1-0

[Event "Master Open"]
[Site "Voronezh"]
[Date "2018.06.20"]
[Round "8.11"]
[White "Kozionov, Kirill"]
[Black "Volkov, Sergey"]
[Result "1/2-1/2"]
[WhiteElo "2456"]
[BlackElo "2580"]
[Annotator ""]
[Source ""]
[Remark ""]

1.d4 d5 2.c4 c6 3.Nf3 Nf6 4.Nc3 a6 5.c5 Nbd7 6.Bf4 Nh5 7.Bd2
g6 8.e4 dxe4 9.Nxe4 Ndf6 10.Nxf6+ exf6 11.Bc4 Qe7+ 12.Be2 Be6
13.O-O Qd7 14.Re1 Ng7 15.Bc3 Be7 16.Nd2 O-O 17.Nc4 Bd8 18.Ne3
Ne8 19.d5 Bxd5 20.Nxd5 cxd5 21.Qb3 Be7 22.Rad1 Nc7 23.Bf3 Bxc5
24.Bxf6 Qc6 25.Be5 Rae8 26.Bxc7 Rxe1+ 27.Rxe1 Qxc7 28.Bxd5 Rd8
29.Rd1 Rd6 30.Bf3 Bd4 31.Qb4 a5 32.Qb5 Rb6 33.Qxa5 Bxf2+ 34.Kh1
Qe7 35.b3 Bc5 36.Re1 Qd6 37.Rd1 Qe7 38.Re1 Qd6 39.Rd1 Qe7 40.Re1 1/2-1/2

[Event "Master Open"]
[Site "Voronezh"]
[Date "2018.06.20"]
[Round "8.12"]
[White "Iljiushenok, Ilia"]
[Black "Shagbazyan, Taron"]
[Result "1-0"]
[WhiteElo "2530"]
[BlackElo "2429"]
[Annotator ""]
[Source ""]
[Remark ""]

1.e4 e5 2.Nf3 Nf6 3.Nxe5 d6 4.Nf3 Nxe4 5.d4 d5 6.Bd3 Bd6 7.O-O
O-O 8.c4 c6 9.Qc2 Re8 10.Nc3 Nxc3 11.Bxh7+ Kh8 12.bxc3 dxc4 13.Bg5
Qa5 14.Rae1 Be6 15.Qe4 Nd7 16.Qh4 Nf8 17.Bb1+ Kg8 18.Ne5 Qc7
19.f4 f6 20.Ng6 Nh7 21.Ne7+ Rxe7 22.Qxh7+ Kf8 23.Rxe6 Rxe6 24.Bg6
fxg5 25.f5 Bxh2+ 26.Kh1 Rxg6 27.fxg6+ Bf4 28.Re1 1-0

[Event "Master Open"]
[Site "Voronezh"]
[Date "2018.06.20"]
[Round "8.13"]
[White "Shinkevich, Vitaly"]
[Black "Demidov, Mikhail"]
[Result "0-1"]
[WhiteElo "2429"]
[BlackElo "2513"]
[Annotator ""]
[Source ""]
[Remark ""]

1.c4 Nf6 2.Nc3 e5 3.g3 Bb4 4.Bg2 O-O 5.Nf3 Re8 6.O-O d6 7.d3
c6 8.Bd2 h6 9.a3 Ba5 10.b4 Bb6 11.e4 Be6 12.h3 Nbd7 13.Kh2 a5
14.Rb1 axb4 15.axb4 Bc7 16.Nh4 Nh7 17.Nf5 Ndf8 18.f4 Bxf5 19.exf5
Nf6 20.b5 d5 21.bxc6 bxc6 22.cxd5 cxd5 23.Rb5 exf4 24.gxf4 Rb8
25.Rxb8 Bxb8 26.Qb3 Qd7 27.Bc1 Rd8 28.Ne2 Qxf5 29.Ng3 Qe6 30.Kh1
Ng6 31.f5 Qd6 32.fxg6 Qxg3 33.gxf7+ Kh7 34.Kg1 Ba7+ 35.Kh1 Ng4
36.Bf4 Nf2+ 37.Rxf2 Qxf2 0-1

[Event "Master Open"]
[Site "Voronezh"]
[Date "2018.06.20"]
[Round "8.14"]
[White "Drygalov, Andrey"]
[Black "Khegay, Dmitriy"]
[Result "1/2-1/2"]
[WhiteElo "2435"]
[BlackElo "2495"]
[Annotator ""]
[Source ""]
[Remark ""]

1.d4 d5 2.c4 dxc4 3.Nf3 c6 4.g3 Nd7 5.Bg2 b5 6.O-O Bb7 7.e4 e6
8.a4 Ngf6 9.Re1 Be7 10.b3 cxb3 11.Qxb3 a6 12.Nc3 O-O 13.Ba3 Rb8
14.Bxe7 Qxe7 15.e5 Nd5 16.Nxd5 exd5 17.Nh4 Nb6 18.Nf5 Qg5 19.Qc2
Bc8 20.Nh4 Nc4 21.f4 Qe7 22.axb5 axb5 23.f5 Qg5 24.Bf1 Qd2 25.Qxd2
Nxd2 26.Ra2 Nxf1 27.Rxf1 b4 28.Rb1 g5 29.fxg6 fxg6 30.Rb3 Rb6
31.Rab2 Ba6 32.e6 Re8 33.Rxb4 Rxb4 34.Rxb4 Bb5 35.Nf3 Rxe6 36.Ne5
Re7 37.Rb2 Kg7 38.g4 Ra7 39.g5 Ra4 40.Rd2 Kf8 41.Nd7+ Ke7 42.Nc5
Rb4 43.Kf2 Kd6 44.Ke3 Rb1 45.Rf2 Re1+ 46.Kd2 Re7 47.h4 Kc7 48.Kc3
Be2 49.Kb4 Bg4 50.Rf6 Bc8 51.Rf8 Re2 52.Rf7+ Kd6 53.Kc3 Bf5 54.Nb7+
Ke6 55.Nd8+ Kd6 56.Nb7+ Ke6 57.Nd8+ Kd6 1/2-1/2

[Event "Master Open"]
[Site "Voronezh"]
[Date "2018.06.21"]
[Round "9.15"]
[White "Potapov, Pavel"]
[Black "Karpenko, Artem"]
[Result "1/2-1/2"]
[WhiteElo "2491"]
[BlackElo "2374"]
[Annotator ""]
[Source ""]
[Remark ""]

1.e4 e6 2.d4 d5 3.Bd3 dxe4 4.Bxe4 Nf6 5.Bf3 c5 6.Ne2 Nc6 7.Be3
cxd4 8.Nxd4 Ne5 9.Nc3 a6 10.Qe2 Nxf3+ 11.Nxf3 Be7 12.Bd4 b5 13.O-O-O
Qc7 14.Bxf6 gxf6 15.Rd4 Bb7 16.Rhd1 Rd8 17.Rxd8+ Bxd8 18.Kb1
Be7 19.Rd3 Qc6 20.a3 Rg8 21.g3 Kf8 22.h4 Qc7 23.Qd2 Rg4 24.Nd4
Qb6 25.Nce2 Kg8 26.f3 Rg7 27.g4 Kh8 28.Nf4 Rg8 29.Nh5 Qc5 30.Nb3
Qg1+ 31.Ka2 Bd5 32.Rxd5 exd5 33.Qxd5 Qb6 34.Qxf7 Qd6 35.c3 Bd8
36.Nd4 Qe7 37.Qd5 Re8 38.Nc6 Qf8 39.Kb3 Qg8 40.Qxg8+ Kxg8 41.Nxd8
Rxd8 42.Nxf6+ Kg7 43.Nh5+ Kf7 44.Ng3 Rd3 45.Ne4 h6 46.f4 Rf3
47.Nd6+ Kg8 48.g5 h5 49.Ne8 Kf7 50.Nf6 Kg6 51.Nd5 Rh3 52.Ne7+
Kf7 53.Nf5 Kg6 54.Ne7+ Kf7 1/2-1/2

[Event "Master Open"]
[Site "Voronezh"]
[Date "2018.06.21"]
[Round "9.16"]
[White "Belyakov, Bogdan"]
[Black "Makarian, Rudik"]
[Result "1/2-1/2"]
[WhiteElo "2490"]
[BlackElo "2343"]
[Annotator ""]
[Source ""]
[Remark ""]

1.e4 c5 2.Nf3 e6 3.Nc3 a6 4.d4 cxd4 5.Nxd4 Qc7 6.g4 Nc6 7.h4
b5 8.Nxc6 Qxc6 9.Bg2 Bb7 10.Be3 b4 11.Ne2 Nf6 12.f3 Rc8 13.c3
bxc3 14.Nxc3 Bc5 15.Qd2 Bxe3 16.Qxe3 Qc5 17.Qxc5 Rxc5 18.Kf2
O-O 19.Rhd1 d5 20.g5 Nh5 21.exd5 Bxd5 22.Bf1 Rb8 23.Rd2 f5 24.Rad1
g6 25.Nxd5 exd5 26.b3 Rd8 27.Bc4 Nf4 28.Rd4 Rdc8 29.Bxa6 R8c6
30.Bf1 Ne6 31.R4d2 Rc1 32.Rxc1 Rxc1 33.Rxd5 Rc2+ 34.Kg3 Rxa2
35.Bc4 1/2-1/2

[Event "Master Open"]
[Site "Voronezh"]
[Date "2018.06.21"]
[Round "9.17"]
[White "Pavlov, Sergey"]
[Black "Solozhenkina, Elizaveta"]
[Result "1-0"]
[WhiteElo "2489"]
[BlackElo "2258"]
[Annotator ""]
[Source ""]
[Remark ""]

1.c4 e6 2.Nc3 d5 3.d4 Be7 4.Nf3 Nf6 5.g3 O-O 6.Bg2 dxc4 7.O-O
Nc6 8.e3 Rb8 9.Qa4 Nb4 10.Qxa7 Bd7 11.Ne5 Nfd5 12.Qxb8 Qxb8 13.Nxd7
Qd8 14.Nxf8 Bxf8 15.Bd2 c6 16.b3 Nc2 17.Rac1 cxb3 18.axb3 Na3
19.Na4 h5 20.Nc5 Qb6 21.e4 Nf6 22.b4 Nb5 23.Be3 Na3 24.d5 exd5
25.exd5 Qxb4 26.dxc6 bxc6 27.Rfd1 Be7 28.Nd3 Qb3 29.Ne5 Nc2 30.Bg5
Nb4 31.Nxc6 Nxc6 32.Bxc6 Qa3 33.Bxf6 Bxf6 34.Bd5 Qe7 35.h4 Kh7
36.Rb1 Bc3 37.Kg2 f6 38.Bf3 Qe8 39.Rb7 Kh6 40.Rdd7 f5 41.Rd5
Qe6 42.Rd8 g6 43.Rdd7 Qg8 44.Bd5 Qh8 45.Bf7 Bf6 46.Rd6 Qg7 47.Bd5
Be7 48.Rdd7 Qe5 49.Bf3 1-0

[Event "Master Open"]
[Site "Voronezh"]
[Date "2018.06.21"]
[Round "9.18"]
[White "Bryakin, Mikhail"]
[Black "Afanasiev, Nikita"]
[Result "0-1"]
[WhiteElo "2407"]
[BlackElo "2460"]
[Annotator ""]
[Source ""]
[Remark ""]

1.d4 Nf6 2.c4 g6 3.Nc3 d5 4.Bf4 Bg7 5.e3 c5 6.dxc5 Qa5 7.Rc1
dxc4 8.Bxc4 O-O 9.Nge2 Qxc5 10.Bb3 Nc6 11.O-O Qa5 12.a3 Rd8 13.Qc2
Nh5 14.Ba2 Bd7 15.Rfd1 Nxf4 16.Nxf4 Be8 17.Qb3 Rxd1+ 18.Rxd1
Bxc3 19.bxc3 Rd8 20.Rxd8 Qxd8 21.Qd5 Qb6 22.h4 Qb2 23.Qb3 Qd2
24.Qb1 Qxc3 25.h5 g5 26.Nh3 h6 27.Qg6+ Qg7 28.Qb1 b6 29.f4 gxf4
30.Nxf4 e6 31.Qd3 Qg5 32.Bb1 Ne5 33.Qd6 Ng4 34.Qb8 Kf8 35.Qd6+
Kg7 36.g3 Qe5 37.Qd4 Kg8 38.Qxe5 Nxe5 39.Ba2 Kg7 40.Kf2 Bc6 41.Ke2
Kf6 42.Kd2 Kg5 43.Kc3 Kg4 44.Bb1 Kxg3 45.Bh7 Kf2 46.Kd4 Nf3+
47.Kd3 Bb5+ 0-1